000 00830cam a2200193Ka 4500
082 _a940.4009561
_bSAN
100 1 _aLiman von Sanders, Otto Viktor Karl,
_949413
245 1 0 _aFive years in Turkey
_cby Liman von Sanders ; translated by Carl Reichmann ; reprinted from the August Scherl ed.
260 _aAnnapolis :
_bUnited States Naval Institute,
_c1927.
300 _a1 online resource (x, 326 p.) :
_bfacsim., maps (3 in pocket), ports.
526 _a0
_b0
_c0
_d940_400956100000000_SAN
650 0 _aMCE
_9379
650 0 _aWorld War, 1914-1918
_928173
650 0 _aWorld War, 1914-1918
_xCampaigns
_zTurkey.
_949414
700 1 _aReichmann, Carl,
_949415
856 4 0 _uhttp://catalog.hathitrust.org/api/volumes/oclc/66289903.html
856 4 0 _uhttp://catalog.hathitrust.org/api/volumes/oclc/8864303.html
942 _2ddc
_cBK
999 _c552201
_d552201